| 000 | 00884nam a2200289 u 4500 | ||
|---|---|---|---|
| 001 | 000020289 | ||
| 003 | DO-SdBNP | ||
| 005 | 20240807131657.0 | ||
| 007 | 000020289 | ||
| 008 | 100804s20uu sp a r 000 0 spa d | ||
| 040 |
_aBPMSU _bspa _cBPMSU |
||
| 082 | 4 |
_a808.83 _bM516c _222 |
|
| 245 | 0 | 4 |
_aLos mejores cuentos de ayer y de hoy _c _b |
| 260 |
_aMadrid : _bGrafalco, _c[200-?] |
||
| 300 |
_a(En varias paginaciones). _bils. ; _c29 cm. |
||
| 490 | 0 | _aLos mejores cuentos y fábulas de ayer y de hoy | |
| 534 |
_pTítulo original : _tAyear full of stories |
||
| 590 |
_aInventariado, 2024/VM _6 |
||
| 650 | 4 |
_aCuentos infantiles _vColecciones |
|
| 650 | 4 | _aLiteratura infantil | |
| 910 | _aVMateo V. Control de calidad. BPMSU | ||
| 942 |
_2ddc _cBK |
||
| 956 |
_a _b _c _l _h |
||
| 956 |
_a _b _c _l _h |
||
| 956 |
_a _b _c _l _h |
||
| 956 |
_a _b _c _l _h |
||
| 999 |
_c14771 _d14771 |
||